000 00349nam a2200157Ia 4500
003 0STCL
008 150530s9999 xx 000 0 und d
040 _aSTCL
_cSTCL
100 _aCapecelatro, C.; Ed
245 _aChrist the church and man
260 _c1909
546 _aEnglish
942 _2ddc
_cBK
999 _c4899
_d4899
005 20220125165403.0